000 00745nam a2200241Ia 4500
003 OSt
005 20250605145946.0
008 220923b |||||||| |||| 00| 0 eng d
020 _a0387903054
037 _cReference
040 _aRTL
_cRTL
_beng
041 _2eng
_aeng
084 _aB L8/SC
_qRTL
100 _aSteen, Lynn Arthur
_9325440
245 0 _aMathematics today: Twelve informal essays
260 _aNew York
_bSpringer-Verlag
_c1978
300 _aviii, 367 p.
_bIncludes bibliographical references and index
490 _aConference Board of the Mathemational Sciences
500 _aBib Chapterwise
650 _aMathematics
_92141
942 _hB, L8/SC
_cREF
_2CC
_n0
999 _c635299
_d635299